00547nam a2200181Ia 4500003000900000008004100009020002200050040001600072080001500088100002100103245010500124260004000229300001500269650002400284650002200308650002200330650001300352IN-BaIIA211028s9999 xx 000 0 eng d a978-0-470-69956-0 cIIA Library a524.3bLEB aLeBlanc, Francis 3aAn introduction to stellar astrophysicscFrancis LeBlanc  athe AtriumbJohn Wiley & Sonsc2010 axii, 338p. aStellar Atmospheres aStellar evolution aStellar interiors athe Star